000 00682nam a2200241Ia 4500
003 OSt
005 20220918205642.0
006 a|||||r|||| 00| 0
007 ta
008 220917b |||||||| |||| 00| 0 eng d
024 _a117,386
037 _cTextual
040 _aARTS
_cARTS
_beng
041 _2eng
_aeng
082 _aV65:1:N7, K6
100 _aWelch Claude E
_9114230
245 0 _aDream of unity
_b Pan Aficanism and Political Unification in West Africa
260 _aNew York
_bCornell University Press USA
_c1966
300 _axii;396p.
_ccm.
650 _aHISTORY
942 _hV65:1:N7, K6
_cTEXL
_2CC
999 _c240668
_d240668